Členenie majetku pre potreby vykazovania v súvahe

Guardado en:
Detalles Bibliográficos
Autor principal: Šlosárová, Anna
Formato: Capítulo de libro
Lenguaje:eslovaco
Etiquetas: Agregar Etiqueta
Sin Etiquetas, Sea el primero en etiquetar este registro!

MARC

LEADER 00000naa$a2200000$$$4500
001 0066808
005 20240502071809.2
041 0 |a slo 
044 |a SK 
245 1 0 |a Členenie majetku pre potreby vykazovania v súvahe  |c Anna Šlosárová 
100 1 |a Šlosárová, Anna